Tài liệu hướng dẫn giảng dạy văn học lớp 10 phổ thông: T3
Đã lưu trong:
| 主要作者: | |
|---|---|
| 格式: | 图书 |
| 语言: | Undetermined |
| 出版: |
Hà Nội
Giáo dục
1978
|
| 主题: | |
| 标签: |
添加标签
没有标签, 成为第一个标记此记录!
|
| Thư viện lưu trữ: | Trung tâm Học liệu Trường Đại học Cần Thơ |
|---|
| LEADER | 00574nam a2200169Ia 4500 | ||
|---|---|---|---|
| 001 | CTU_6150 | ||
| 008 | 210402s9999 xx 000 0 und d | ||
| 082 | |a 372.64 | ||
| 082 | |b T103/L10/T3 | ||
| 100 | |a Đàm Gia Cần | ||
| 245 | 0 | |a Tài liệu hướng dẫn giảng dạy văn học lớp 10 phổ thông: T3 | |
| 245 | 0 | |c Đàm Gia Cần, Đỗ Quang Lưu | |
| 260 | |a Hà Nội | ||
| 260 | |b Giáo dục | ||
| 260 | |c 1978 | ||
| 650 | |a literature - study and teaching ( secondary ) | ||
| 980 | |a Trung tâm Học liệu Trường Đại học Cần Thơ | ||